Marketingový nástroj pre hotel

Animácia voľného času ako súčasť cestovného ruchu. Prínos animácie v cestovnom ruchu. Problém ceny animácie. Zabezpečenie animácií externou firmou. Trendom je fitnes a outdoor.

Salvato in:
Dettagli Bibliografici
Autore principale: Babiar, Martin
Natura: Capitolo di libro
Lingua:slovacco
Soggetti:
Tags: Aggiungi Tag
Nessun Tag, puoi essere il primo ad aggiungerne!!

MARC

LEADER 00000naa a2200000 4500
001 0200639
005 20231113103028.1
041 0 |a slo 
044 |a SK 
245 1 0 |a Marketingový nástroj pre hotel  |c Martin Babiar 
520 |a Animácia voľného času ako súčasť cestovného ruchu. Prínos animácie v cestovnom ruchu. Problém ceny animácie. Zabezpečenie animácií externou firmou. Trendom je fitnes a outdoor. 
610 2 0 |a ruch cestovný 
610 2 0 |a hotely 
610 2 0 |a zariadenia ubytovacie 
610 2 0 |a služby 
610 2 0 |a kreativita 
610 2 0 |a outsourcing 
610 2 0 |a nástroje marketingové 
610 2 0 |a zákazníci 
100 1 |a Babiar, Martin